| 000 | 01222nam a22002537a 4500 | ||
|---|---|---|---|
| 003 | dpl | ||
| 005 | 20100323154458.0 | ||
| 007 | DVD | ||
| 008 | 050907s2005 cau105 g 00| 0 eng d | ||
| 010 | _aDVD-007274 | ||
| 024 | _c125.00 | ||
| 035 | _aDVD-007274 | ||
| 040 |
_aDPL _cDPL |
||
| 092 | _aDVD AYEW | ||
| 245 |
_aAye Wattan Tere Liye with Jana Gana Mana _h[videorecording] DVD / _cSa Re Ga Ma India Ltd. Presents |
||
| 260 | _bSaregama India Ltd. | ||
| 300 |
_a1 Audio Cd; _bsd., _c4-3/4 in. _fAudio CD |
||
| 440 | _aSa Re Ga Ma Pictures | ||
| 500 | _aVande Matram - Hemant Kumar Aye Watan (Fast) - Mohd Rafi & Chorus Aye Watan (Slow) - Mohd. Rafi & Chorus Mahatama Gandhi Speech - Swaraj Jahan Daal Daal Pe - Mohd. Rafi & chorus Pt.Jawahar Lal Nheru Speeched - Tryst With Destiny Ab Watan Azad Hai - Mohd. Rafi & Chorus ............ Jan Gana Mana | ||
| 650 | _aAudio CD | ||
| 942 |
_cCF _2ddc _hDVD _mAYEW |
||
| 999 |
_c34851 _d34851 |
||